2020年の世界各国(環状世界) - Statistics

General Stats
  • This quiz has been taken 7 times
  • The average score is 67 of 184
Answer Stats
答え % Correct
イクシス合衆国
100%
ヴィクトル
100%
神州人民共和国
100%
天昌国
100%
テンガネア共和国
100%
カネダ
83%
フランテリア共和国
83%
ヴァルト連邦共和国
83%
イルファミア共和国
83%
大蘭民国
83%
カマウ人民共和国
83%
ロスティア連邦
83%
キトキルカ共和国
67%
ドンゴラ共和国
67%
スオミル共和国
67%
ポーンランド共和国
67%
イスタリア共和国
67%
ハラスキア共和国
67%
クルガリア共和国
67%
ロチェト共和国
67%
月海民主主義人民共和国
67%
チャンガリ社会主義共和国
67%
海東共和国
67%
代山社会主義共和国
67%
バルム
67%
シーヴァス連邦
67%
イシュロア人民共和国
67%
トローゾ共和国
50%
ヌブア共和国
50%
ゴーデン共和国
50%
ヴァリデル王国
50%
スクロ王国
50%
ローン王国
50%
スピールド王国
50%
シルヴァーノ共和国
50%
ラトギア共和国
50%
クラペダ共和国
50%
ウィリデ連邦共和国
50%
スロロイカ共和国
50%
神州民興国
50%
サランパルン人民民主共和国
50%
チャンシマ国
50%
コンマイ共和国
50%
サリピノ第六共和国
50%
古國
50%
アラン共和国
50%
カラハン共和国
50%
タジェック共和国
50%
キーギスタン共和国
50%
ウルズヴェック共和国
50%
タルキジスタン・ルミナス共和国
50%
ニア共和国
50%
ユーリィス共和国
50%
サンチェリシェン共和国
50%
トーノビロラ共和国
50%
サウスタリア連邦
50%
ムールティ共和国
50%
ニューシルヴァランド
50%
オーシタニア連邦
50%
タヒティア連邦
50%
ラコンティア連邦
50%
モロネリア共和国
33%
オフニューラ連邦共和国
33%
ベリグン諸島政府
33%
北ベリグン諸島団
33%
ホロールイブ・ヤゴー連合政府
33%
リナ共和国
33%
オフオウプ共和国
33%
オフラミール連合共和国
33%
デラフェル人民共和国
33%
カンクス民族連邦
33%
南シウコ王国
33%
ボーノマ共和国
33%
アルハズィア共和国
33%
タンジャロル連合共和国
33%
ゲレッポ共和国
33%
チャンドリカ王国第二王政
33%
エンジェプテ共和国
33%
リヴォネ共和国
33%
ケクト共和国
33%
テラク共和国
33%
シャリカ
33%
ラミール王国
33%
セネブ
33%
セクメタス共和国
33%
スデール連邦
33%
南スデール連邦
33%
ラムル首長国連邦
33%
ラーゼンクルー共和国
33%
ノトルナ
33%
ノチェクツカ共和国
33%
エロンガ国
33%
トゥリテ共和国
33%
北グラス民主国
33%
メルーン共和国
33%
中央レフタ共和国
33%
ティアド共和国
33%
ムワリ共和国
33%
ケリヤ共和国
33%
ナイジェド共和国
33%
ヴァーフル共和国
33%
コルコ民主共和国
33%
ヒュダ共和国
33%
ニッポニカ・ウロル共和国
33%
パッツゴニア連邦
33%
フランテリア領オズマ
33%
セヴァル公国
33%
トスカリル第三共和国
33%
エラル共和国
33%
ベルーサ共和国
33%
ソーハム共和国
33%
ダルティア共和国
33%
ヴェラスキア共和国
33%
シールト共和国
33%
フライバー
33%
クメーラ王国
33%
フィルトーム共和国
33%
パヤンドー連邦共和国
33%
アンガラ共和国
33%
ハプシャド・ルミナス共和国
33%
セルミカ活神国
33%
ダムール共和国
33%
トルークスタン共和国
33%
カウカンス連邦共和国
33%
ラクト共和国
33%
カロル共和国
33%
ナバレレブ共和国
33%
南カラント共和国
33%
ニュードンゴラ独立国
33%
デマトゥーラ王国
17%
オゾラスブル人民連邦
17%
ヌメラ諸島共和国
17%
シャウセーフ民主主義国
17%
ダウンロ連邦王国
17%
チャウクス王国
17%
モリクワ連合共和国
17%
ノルダ・シラフェゴ
17%
マウ・リウ王国
17%
ソルジアブティア王国
17%
ディアルフーン独立共和国
17%
デラブル民主国
17%
アレカ共和国
17%
シャンビワ独立国
17%
イビル・ルミナス共和国
17%
ホラーズ共和国
17%
東南レフタ連邦
17%
ラララチア王国
17%
シャンナロドブ民族連合共和国
17%
ニジェド共和国
17%
テラ・イボワール共和国
17%
コルコ共和国
17%
カポン共和国
17%
ムルカン王国
17%
クラティウ共和国
17%
クラティウ社会主義人民共和国
17%
ワニヤルス共和国
17%
ヴィクトル領スポークランド
17%
ヴィクトル領南サバリア
17%
ヴィクトル領東中海地域
17%
フランテリア領カリトスウィ
17%
アフマリス王国
17%
東マルクドニア共和国
17%
アルビア共和国
17%
モンテルオ共和国
17%
スロヴィア共和国
17%
トルクア集産主義共和国
17%
ガーガル共和国
17%
ヌヴァジムラ共和国
17%
ホクハエレア
17%
カナリワリア共和国
17%
ベルクソン・アルゴラ連合共和国
0%
ティラ連邦
0%
南デラフェル
0%
パコガロ共和国
0%
ムルンダ・シラフェゴ
0%
シュンビン諸島共和国
0%
チュナジュタ
0%
グラグビーサ民主共和国
0%
エラトルミレバ
0%
シェルツ王国
0%
ブラクン・エスターテ
0%
ヴィクトル領ホワイフ諸島
0%
ボルスア・アツェリヘルトゥ
0%
ラパギア共和国
0%
No matching quizzes found
Score Distribution
Percent of People with Each Score
Percentile by Number Answered
Your Score History
You have not taken this quiz